000 00498nam a2200181Ia 4500
003 GCL
008 140319s9999 xx 000 0 ara d
040 _aGCL /
_cGCL
082 0 4 _aد
_b050
100 1 _aطه الحاجرى
245 1 0 _aقصر الرشيد ( اقرا 74 ) /
_cطه الحاجرى
300 _a124 ص
490 _aوثائق ونصوص
_v0
650 0 4 _aالادب العربى
650 0 4 _aالقصص العربية
650 0 4 _aهارون الرشيد
942 _2ddc
_cCF
999 _c27239
_d27239